000 00336pab a2200145 454500
008 180718b1985 xxu||||| |||| 00| 0 eng d
100 _aDesai, M.V.
245 _aWatching the watch dogs - press council at work
260 _c1985
300 _a3-7
362 _aFeb.
650 _aPress - India
773 _aVidura
909 _a16019
999 _c16019
_d16019